000 00206nam a22000857a 4500
001 1254117
005 20251104152606.0
245 _aAY IŞIĞI SOKAĞI
_cSTEFAN ZWEIG
260 _bTÜRKİYE İŞ BANKASI YAYINLARI
999 _c1254117
_d1254117